[Event "Heraklion Gazi op"]
[Site "Heraklion"]
[Date "2005.10.01"]
[Round "5"]
[White "Papastamatiou, Apostolos"]
[Black "Michelakis, Evaggelos"]
[Result "1-0"]
[WhiteElo "1120"]
[BlackElo "1405"]
[PlyCount "38"]
[EventDate "2005.09.27"]
[EventType "swiss"]
[EventRounds "7"]
[EventCountry "GRE"]
[SourceTitle "EXT 2007"]
[Source "ChessBase"]
[SourceDate "2006.11.23"]
[SourceVersion "1"]
[SourceVersionDate "2006.11.23"]
[SourceQuality "1"]

1. e4 e5 2. Nf3 f5 3. exf5 e4 4. Ng1 Nf6 5. d4 Be7 6. Nc3 c6 7. f3 d5 8. fxe4 dxe4 9. g4 Nd5 10. Nxe4 0-0 11. Nf3 Bh4+ 12. Ng3 Re8+ 13. Kf2 g6 14. c4 Ne7 15. Nxh4 gxf5 16. gxf5 Ng6 17. Nxg6 hxg6 18. Qg4 Qf6 19. Qxg6+ Qxg6 1-0

[Event "Heraklion Gazi op"]
[Site "Heraklion"]
[Date "2005.09.27"]
[Round "1"]
[White "Tsilidis, Alexandros"]
[Black "Papastamatiou, Apostolos"]
[Result "1/2-1/2"]
[WhiteElo "2314"]
[BlackElo "1120"]
[PlyCount "73"]
[EventDate "2005.09.27"]
[EventType "swiss"]
[EventRounds "7"]
[EventCountry "GRE"]
[SourceTitle "EXT 2007"]
[Source "ChessBase"]
[SourceDate "2006.11.23"]
[SourceVersion "1"]
[SourceVersionDate "2006.11.23"]
[SourceQuality "1"]

1. e4 e6 2. d3 d5 3. Nd2 e5 4. Ngf3 Nc6 5. g3 Be6 6. Bg2 f6 7. 0-0 Qd7 8. c3 0-0-0 9. Qa4 Bc5 10. exd5 Bxd5 11. d4 exd4 12. cxd4 Bb6 13. Nb3 h5 14. Nc5 Bxc5 15. dxc5 g5 16. b4 Qf5 17. b5 Bxf3 18. bxc6 Bxg2 19. cxb7+ Kb8 20. c6 Bxf1 21. Be3 a5 22. Rxf1 Ne7 23. Qc4 Qd3 24. Qc5 Qa6 25. Qxe7 Qxc6 26. Rb1 h4 27. Qa3 h3 28. f3 Rd5 29. Qb3 Rhd8 30. Ba7+ Kxa7 31. b8Q+ Rxb8 32. Qxb8+ Ka6 33. a4 g4 34. Qg8 gxf3 35. Qc8+ Ka7 36. Qb8+ Ka6 37. Qc8+ 1/2-1/2